[Event "Women's Baku Chess Olympiad"]
[Site "chess24.com"]
[Date "2016.09.10"]
[Round "8"]
[White "Martinez, Ayelen"]
[Black "Batsiashvili, Nino"]
[Result "0-1"]
[Board "4"]
[WhiteID "118702"]
[WhiteElo "2219"]
[WhiteTitle "WIM"]
[WhiteCountry "ARG"]
[WhiteFideId "118702"]
[WhiteEloChange "-4"]
[BlackID "13602993"]
[BlackElo "2474"]
[BlackTitle "IM"]
[BlackCountry "GEO"]
[BlackFideId "13602993"]
[BlackEloChange "2"]

1. e4 {[%clk 1:30:57]} c6 {[%clk 1:30:56]} 2. d4 {[%clk 1:31:21]} d5 {[%clk
1:31:24]} 3. e5 {[%clk 1:31:47]} c5 {[%clk 1:31:51]} 4. dxc5 {[%clk 1:30:09]} e6
{[%clk 1:32:11]} 5. Be3 {[%clk 1:23:51]} Nh6 {[%clk 1:31:29]} 6. Nf3 {[%clk
1:13:59]} Nf5 {[%clk 1:30:50]} 7. Bd4 {[%clk 1:14:25]} Nc6 {[%clk 1:14:23]} 8. c3
{[%clk 1:09:35]} a5 {[%clk 1:12:37]} 9. Bb5 {[%clk 1:02:28]} Bd7 {[%clk 1:12:57]}
10. a4 {[%clk 1:02:51]} Be7 {[%clk 0:55:42]} 11. O-O {[%clk 0:58:37]} g5 {[%clk
0:48:24]} 12. Na3 {[%clk 0:51:37]} g4 {[%clk 0:46:49]} 13. Ne1 {[%clk 0:44:05]}
h5 {[%clk 0:47:08]} 14. Nac2 {[%clk 0:42:52]} Rg8 {[%clk 0:43:24]} 15. Ne3 {[%clk
0:35:48]} Nh4 {[%clk 0:29:16]} 16. c4 {[%clk 0:21:57]} dxc4 {[%clk 0:22:11]} 17.
Nxc4 {[%clk 0:18:33]} Nxd4 {[%clk 0:14:08]} 18. Qxd4 {[%clk 0:18:55]} Bxb5 {[%clk
0:14:28]} 19. Qxd8+ {[%clk 0:19:22]} Kxd8 {[%clk 0:14:26]} 20. axb5 {[%clk
0:19:45]} Bxc5 {[%clk 0:14:43]} 21. Nd3 {[%clk 0:18:20]} Bd4 {[%clk 0:14:20]} 22.
Ra4 {[%clk 0:08:47]} Ke7 {[%clk 0:14:25]} 23. Nd6 {[%clk 0:04:00]} Bxe5 {[%clk
0:07:09]} 24. Nxb7 {[%clk 0:04:28]} Bc7 {[%clk 0:06:42]} 25. Rc1 {[%clk 0:04:16]}
Bb6 {[%clk 0:05:04]} 26. Rc6 {[%clk 0:04:29]} Bd8 {[%clk 0:05:20]} 27. Ndc5
{[%clk 0:03:02]} Nf5 {[%clk 0:04:26]} 28. Kf1 {[%clk 0:01:17]} Rb8 {[%clk
0:01:44]} 29. Ra6 {[%clk 0:00:41]} Bc7 {[%clk 0:01:42]} 30. Nxa5 {[%clk 0:00:37]}
Rxb5 {[%clk 0:02:03]} 31. Nc6+ {[%clk 0:00:42]} Kf6 {[%clk 0:01:54]} 32. b4
{[%clk 0:00:32]} Kg7 {[%clk 0:01:50]} 33. Ra7 {[%clk 0:00:48]} Rc8 {[%clk
0:01:47]} 34. Ra3 {[%clk 0:00:31]} Bb6 {[%clk 0:01:37]} 35. Nxe6+ {[%clk
0:00:35]} Kf6 {[%clk 0:02:03]} 36. Nc5 {[%clk 0:00:41]} Bxc5 {[%clk 0:02:01]} 37.
R3a6 {[%clk 0:00:51]} Rb6 {[%clk 0:02:06]} 38. Na5 {[%clk 0:00:31]} Rxa6 {[%clk
0:01:55]} 39. Rxa6+ {[%clk 0:00:59]} Bd6 {[%clk 0:02:24]} 40. b5 {[%clk 0:31:04]}
Rc1+ {[%clk 0:32:25]} 41. Ke2 {[%clk 0:31:24]} Rb1 {[%clk 0:28:10]} 42. b6 {[%clk
0:30:01]} Ke6 {[%clk 0:25:00]} 43. Kd3 {[%clk 0:29:31]} Kd5 {[%clk 0:24:53]} 44.
b7 {[%clk 0:23:03]} Bc7 {[%clk 0:20:06]} 45. Ra7 {[%clk 0:20:55]} Bxa5 {[%clk
0:17:25]} 46. Rxa5+ {[%clk 0:21:23]} Ke6 {[%clk 0:17:54]} 47. Ke4 {[%clk
0:20:27]} Rb4+ {[%clk 0:18:18]} 48. Kd3 {[%clk 0:20:18]} Rxb7 {[%clk 0:18:43]}
49. f3 {[%clk 0:18:46]} Rb2 {[%clk 0:18:32]} 50. Ke4 {[%clk 0:18:37]} Rb4+ {[%clk
0:16:37]} 51. Kd3 {[%clk 0:19:02]} gxf3 {[%clk 0:16:31]} 52. gxf3 {[%clk
0:19:29]} Rf4 {[%clk 0:16:35]} 53. Ke2 {[%clk 0:18:44]} Rh4 {[%clk 0:16:59]} 0-1

[Event "Women's Baku Chess Olympiad"]
[Site "chess24.com"]
[Date "2016.09.10"]
[Round "8"]
[White "Reizniece-Ozola, Dana"]
[Black "Real Pereyra, Diana Carime"]
[Result "1-0"]
[Board "1"]
[WhiteID "11601124"]
[WhiteElo "2243"]
[WhiteTitle "WGM"]
[WhiteCountry "LAT"]
[WhiteFideId "11601124"]
[WhiteEloChange "7"]
[BlackID "5104106"]
[BlackElo "2136"]
[BlackTitle "WIM"]
[BlackCountry "MEX"]
[BlackFideId "5104106"]
[BlackEloChange "-7"]

1. c4 {[%clk 1:30:59]} e5 {[%clk 1:30:41]} 2. Nc3 {[%clk 1:31:07]} Nf6 {[%clk
1:30:48]} 3. g3 {[%clk 1:31:31]} Nc6 {[%clk 1:30:48]} 4. Bg2 {[%clk 1:31:55]} Bc5
{[%clk 1:31:01]} 5. Nf3 {[%clk 1:32:07]} d6 {[%clk 1:29:52]} 6. d3 {[%clk
1:31:49]} h6 {[%clk 1:30:03]} 7. a3 {[%clk 1:26:40]} a6 {[%clk 1:30:05]} 8. b4
{[%clk 1:25:07]} Ba7 {[%clk 1:29:25]} 9. Bb2 {[%clk 1:23:17]} O-O {[%clk
1:26:23]} 10. O-O {[%clk 1:23:16]} Be6 {[%clk 1:24:29]} 11. b5 {[%clk 1:12:44]}
Ne7 {[%clk 1:13:40]} 12. e4 {[%clk 1:03:46]} Qd7 {[%clk 1:07:40]} 13. a4 {[%clk
1:03:13]} Nh7 {[%clk 1:01:00]} 14. Nd5 {[%clk 0:56:59]} c6 {[%clk 0:45:01]} 15.
Nxe7+ {[%clk 0:45:15]} Qxe7 {[%clk 0:45:28]} 16. Qb3 {[%clk 0:44:25]} Qc7 {[%clk
0:32:38]} 17. Rac1 {[%clk 0:40:56]} Nf6 {[%clk 0:25:41]} 18. h3 {[%clk 0:37:40]}
Nd7 {[%clk 0:21:53]} 19. d4 {[%clk 0:37:25]} exd4 {[%clk 0:20:43]} 20. Nxd4
{[%clk 0:36:45]} Nc5 {[%clk 0:20:30]} 21. Qc2 {[%clk 0:35:40]} Bb6 {[%clk
0:16:04]} 22. bxc6 {[%clk 0:31:55]} bxc6 {[%clk 0:15:54]} 23. Nf5 {[%clk
0:27:28]} f6 {[%clk 0:12:14]} 24. Rcd1 {[%clk 0:23:31]} Rad8 {[%clk 0:11:39]} 25.
Rfe1 {[%clk 0:19:41]} Ba5 {[%clk 0:11:02]} 26. Re3 {[%clk 0:19:54]} Rfe8 {[%clk
0:10:22]} 27. g4 {[%clk 0:18:37]} Bb4 {[%clk 0:06:09]} 28. Ba1 {[%clk 0:16:45]}
a5 {[%clk 0:05:00]} 29. Kh1 {[%clk 0:14:17]} Na6 {[%clk 0:05:27]} 30. Red3 {[%clk
0:12:03]} Bc5 {[%clk 0:03:44]} 31. R3d2 {[%clk 0:12:02]} Nb4 {[%clk 0:03:14]} 32.
Qc3 {[%clk 0:12:19]} Kh7 {[%clk 0:01:19]} 33. f4 {[%clk 0:10:05]} Bxf5 {[%clk
0:01:27]} 34. gxf5 {[%clk 0:10:19]} Qf7 {[%clk 0:01:02]} 35. Bf3 {[%clk 0:09:56]}
Rg8 {[%clk 0:01:02]} 36. Rg2 {[%clk 0:09:56]} g5 {[%clk 0:01:00]} 37. Qxf6 {[%clk
0:08:48]} Qxf6 {[%clk 0:00:58]} 38. Bxf6 {[%clk 0:09:15]} Rb8 {[%clk 0:00:45]}
39. fxg5 {[%clk 0:08:56]} hxg5 {[%clk 0:01:06]} 40. Bxg5 {[%clk 0:35:57]} Nc2
{[%clk 0:30:50]} 41. Bh5 {[%clk 0:21:07]} Na3 {[%clk 0:18:54]} 42. Bg6+ {[%clk
0:16:54]} Kg7 {[%clk 0:19:08]} 43. e5 {[%clk 0:16:25]} Nxc4 {[%clk 0:15:39]} 44.
e6 {[%clk 0:11:30]} Rh8 {[%clk 0:08:50]} 45. e7 {[%clk 0:10:45]} Rxh3+ {[%clk
0:07:27]} 46. Rh2 {[%clk 0:11:11]} Rxh2+ {[%clk 0:07:37]} 47. Kxh2 {[%clk
0:11:33]} Rb2+ {[%clk 0:08:01]} 48. Kh1 {[%clk 0:11:40]} 1-0

[Event "Women's Baku Chess Olympiad"]
[Site "chess24.com"]
[Date "2016.09.10"]
[Round "8"]
[White "Fuentes Godoy, Lilia Ivonne"]
[Black "Berzina, Ilze"]
[Result "1-0"]
[Board "2"]
[WhiteID "5104130"]
[WhiteElo "2142"]
[WhiteTitle "WIM"]
[WhiteCountry "MEX"]
[WhiteFideId "5104130"]
[WhiteEloChange "13"]
[BlackID "11601345"]
[BlackElo "2241"]
[BlackTitle "WGM"]
[BlackCountry "LAT"]
[BlackFideId "11601345"]
[BlackEloChange "-13"]

1. d4 {[%clk 1:30:56]} Nf6 {[%clk 1:30:44]} 2. c4 {[%clk 1:31:06]} e6 {[%clk
1:31:04]} 3. Nf3 {[%clk 1:30:43]} b6 {[%clk 1:31:11]} 4. a3 {[%clk 1:30:34]} Ba6
{[%clk 1:31:18]} 5. Qb3 {[%clk 1:29:55]} c5 {[%clk 1:13:24]} 6. d5 {[%clk
1:30:07]} b5 {[%clk 1:07:39]} 7. dxe6 {[%clk 1:14:22]} fxe6 {[%clk 1:07:57]} 8.
cxb5 {[%clk 1:14:39]} Bb7 {[%clk 1:08:16]} 9. Bg5 {[%clk 1:05:06]} Be7 {[%clk
1:06:36]} 10. Nbd2 {[%clk 0:55:01]} O-O {[%clk 1:01:31]} 11. Rc1 {[%clk 0:47:17]}
d5 {[%clk 0:57:08]} 12. g3 {[%clk 0:41:44]} Qb6 {[%clk 0:53:58]} 13. Bh3 {[%clk
0:39:22]} h6 {[%clk 0:43:21]} 14. Bf4 {[%clk 0:28:42]} Nh5 {[%clk 0:38:49]} 15.
Qe3 {[%clk 0:20:26]} Nxf4 {[%clk 0:38:20]} 16. gxf4 {[%clk 0:20:47]} Rf6 {[%clk
0:38:04]} 17. Rg1 {[%clk 0:17:15]} Nd7 {[%clk 0:25:14]} 18. Ne5 {[%clk 0:15:46]}
Nxe5 {[%clk 0:18:18]} 19. fxe5 {[%clk 0:15:29]} Rf7 {[%clk 0:18:10]} 20. Qxh6
{[%clk 0:14:28]} Bc8 {[%clk 0:16:59]} 21. a4 {[%clk 0:12:54]} c4 {[%clk 0:16:48]}
22. e3 {[%clk 0:12:21]} Bd7 {[%clk 0:14:33]} 23. Ke2 {[%clk 0:10:57]} a6 {[%clk
0:11:03]} 24. Bf5 {[%clk 0:10:07]} g5 {[%clk 0:10:23]} 25. Bg6 {[%clk 0:06:03]}
Rg7 {[%clk 0:10:10]} 26. h4 {[%clk 0:04:59]} Be8 {[%clk 0:06:55]} 27. Bxe8 {[%clk
0:05:07]} Rxe8 {[%clk 0:07:20]} 28. hxg5 {[%clk 0:05:01]} d4 {[%clk 0:04:16]} 29.
Nxc4 {[%clk 0:04:32]} Qd8 {[%clk 0:04:30]} 30. Qxe6+ {[%clk 0:04:55]} Kf8 {[%clk
0:04:40]} 31. Rh1 {[%clk 0:04:14]} d3+ {[%clk 0:04:51]} 32. Kd1 {[%clk 0:04:34]}
Rxg5 {[%clk 0:02:53]} 33. Rh8+ {[%clk 0:04:52]} Kg7 {[%clk 0:03:17]} 34. Qh6+
{[%clk 0:05:18]} 1-0

[Event "Women's Baku Chess Olympiad"]
[Site "chess24.com"]
[Date "2016.09.10"]
[Round "8"]
[White "Erneste, Inguna"]
[Black "Parkhurst Casas, Miriam"]
[Result "1/2-1/2"]
[Board "3"]
[WhiteID "11600241"]
[WhiteElo "2178"]
[WhiteTitle "WGM"]
[WhiteCountry "LAT"]
[WhiteFideId "11600241"]
[WhiteEloChange "-5"]
[BlackID "5116520"]
[BlackElo "1993"]
[BlackTitle "WFM"]
[BlackCountry "MEX"]
[BlackFideId "5116520"]
[BlackEloChange "5"]

1. e4 {[%clk 1:30:57]} e5 {[%clk 1:30:49]} 2. Nf3 {[%clk 1:31:21]} Nc6 {[%clk
1:31:15]} 3. Bb5 {[%clk 1:31:40]} a6 {[%clk 1:31:37]} 4. Ba4 {[%clk 1:32:05]} Nf6
{[%clk 1:31:42]} 5. O-O {[%clk 1:31:53]} b5 {[%clk 1:32:07]} 6. Bb3 {[%clk
1:32:03]} Bb7 {[%clk 1:32:05]} 7. Re1 {[%clk 1:24:10]} Bc5 {[%clk 1:26:28]} 8. c3
{[%clk 1:18:43]} d6 {[%clk 1:23:54]} 9. d4 {[%clk 1:12:24]} Bb6 {[%clk 1:23:56]}
10. h3 {[%clk 1:05:26]} h6 {[%clk 1:21:14]} 11. a3 {[%clk 0:58:29]} O-O {[%clk
1:20:04]} 12. Bc2 {[%clk 0:56:16]} Re8 {[%clk 1:19:06]} 13. dxe5 {[%clk 0:53:53]}
dxe5 {[%clk 1:17:33]} 14. Nbd2 {[%clk 0:51:02]} Nh5 {[%clk 1:08:41]} 15. Nf1
{[%clk 0:48:28]} Nf4 {[%clk 1:05:05]} 16. Qxd8 {[%clk 0:46:22]} Raxd8 {[%clk
1:05:19]} 17. Be3 {[%clk 0:46:30]} Nd3 {[%clk 0:58:03]} 18. Bxd3 {[%clk 0:29:24]}
Rxd3 {[%clk 0:58:24]} 19. Bxb6 {[%clk 0:28:31]} cxb6 {[%clk 0:58:47]} 20. Rad1
{[%clk 0:23:28]} Red8 {[%clk 0:57:37]} 21. Rxd3 {[%clk 0:17:55]} Rxd3 {[%clk
0:57:55]} 22. N1d2 {[%clk 0:13:50]} f6 {[%clk 0:49:19]} 23. Kf1 {[%clk 0:12:14]}
Na5 {[%clk 0:39:24]} 24. Ke2 {[%clk 0:12:40]} Rd8 {[%clk 0:39:50]} 25. Nh2 {[%clk
0:12:33]} Nc4 {[%clk 0:38:53]} 26. Nxc4 {[%clk 0:12:32]} bxc4 {[%clk 0:39:18]}
27. f3 {[%clk 0:12:49]} Kf7 {[%clk 0:35:13]} 28. Ng4 {[%clk 0:12:07]} Bc8 {[%clk
0:33:00]} 29. Ne3 {[%clk 0:12:26]} Be6 {[%clk 0:33:17]} 30. Rd1 {[%clk 0:12:22]}
Rxd1 {[%clk 0:33:14]} 31. Kxd1 {[%clk 0:12:44]} 1/2-1/2

[Event "Women's Baku Chess Olympiad"]
[Site "chess24.com"]
[Date "2016.09.10"]
[Round "8"]
[White "Garcia Morales, Ivette Ale"]
[Black "Otikova, Elina"]
[Result "1/2-1/2"]
[Board "4"]
[WhiteID "5105994"]
[WhiteElo "2006"]
[WhiteTitle "WIM"]
[WhiteCountry "MEX"]
[WhiteFideId "5105994"]
[WhiteEloChange "1"]
[BlackID "11603550"]
[BlackElo "2051"]
[BlackCountry "LAT"]
[BlackFideId "11603550"]
[BlackEloChange "-1"]

1. d4 {[%clk 1:30:57]} d5 {[%clk 1:30:47]} 2. Nf3 {[%clk 1:31:22]} Nf6 {[%clk
1:31:00]} 3. g3 {[%clk 1:31:47]} Bf5 {[%clk 1:30:58]} 4. Bg2 {[%clk 1:31:45]} h6
{[%clk 1:30:47]} 5. c4 {[%clk 1:31:43]} c6 {[%clk 1:28:16]} 6. Nc3 {[%clk
1:28:03]} e6 {[%clk 1:27:46]} 7. O-O {[%clk 1:27:29]} dxc4 {[%clk 1:24:34]} 8.
Ne5 {[%clk 1:26:41]} Nbd7 {[%clk 1:19:35]} 9. e4 {[%clk 1:20:46]} Bh7 {[%clk
1:19:58]} 10. Qe2 {[%clk 1:15:51]} Nxe5 {[%clk 1:15:12]} 11. dxe5 {[%clk
1:16:20]} Nd7 {[%clk 1:15:34]} 12. f4 {[%clk 1:11:36]} Bc5+ {[%clk 1:12:57]} 13.
Kh1 {[%clk 1:07:59]} b5 {[%clk 1:02:08]} 14. f5 {[%clk 0:59:10]} Nxe5 {[%clk
0:57:40]} 15. Qh5 {[%clk 0:47:00]} Nd3 {[%clk 0:43:23]} 16. fxe6 {[%clk 0:40:02]}
O-O {[%clk 0:42:09]} 17. exf7+ {[%clk 0:39:14]} Kh8 {[%clk 0:42:32]} 18. e5
{[%clk 0:36:33]} Qd4 {[%clk 0:39:31]} 19. h4 {[%clk 0:12:59]} Qxe5 {[%clk
0:27:54]} 20. Qxe5 {[%clk 0:13:01]} Nxe5 {[%clk 0:28:22]} 21. Bf4 {[%clk
0:12:23]} Ng4 {[%clk 0:27:51]} 22. Bxc6 {[%clk 0:12:25]} Rad8 {[%clk 0:21:08]}
23. Kg2 {[%clk 0:08:21]} b4 {[%clk 0:19:57]} 24. Ne4 {[%clk 0:08:17]} Ne3+ {[%clk
0:18:22]} 25. Bxe3 {[%clk 0:08:22]} Bxe3 {[%clk 0:18:49]} 26. Rad1 {[%clk
0:08:21]} Rxd1 {[%clk 0:15:31]} 27. Rxd1 {[%clk 0:08:24]} Bg6 {[%clk 0:15:33]}
28. Bd5 {[%clk 0:03:33]} Bxf7 {[%clk 0:11:02]} 29. Bxf7 {[%clk 0:03:52]} Rxf7
{[%clk 0:11:27]} 30. Rd8+ {[%clk 0:04:19]} Kh7 {[%clk 0:11:41]} 31. Rc8 {[%clk
0:04:44]} b3 {[%clk 0:08:53]} 32. axb3 {[%clk 0:02:30]} cxb3 {[%clk 0:08:38]} 33.
Rc3 {[%clk 0:02:47]} Bd4 {[%clk 0:08:16]} 34. Rxb3 {[%clk 0:03:02]} Rc7 {[%clk
0:08:08]} 35. Nc3 {[%clk 0:02:34]} Rf7 {[%clk 0:02:42]} 36. Ne4 {[%clk 0:02:41]}
Rc7 {[%clk 0:02:58]} 37. Nc3 {[%clk 0:03:03]} Bb6 {[%clk 0:02:59]} 38. Nd5 {[%clk
0:01:38]} Rc2+ {[%clk 0:03:15]} 39. Kf3 {[%clk 0:01:59]} Bd4 {[%clk 0:03:09]} 40.
Nc3 {[%clk 0:31:35]} Bb6 {[%clk 0:31:24]} 41. Ne4 {[%clk 0:28:59]} Bd4 {[%clk
0:30:57]} 42. Nc3 {[%clk 0:26:29]} Rf2+ {[%clk 0:29:58]} 43. Ke4 {[%clk 0:24:45]}
Bf6 {[%clk 0:27:23]} 44. Ke3 {[%clk 0:21:07]} Rc2 {[%clk 0:26:58]} 45. Kd3 {[%clk
0:20:16]} Rg2 {[%clk 0:26:58]} 46. Ne2 {[%clk 0:18:22]} Be5 {[%clk 0:25:38]} 47.
Kd2 {[%clk 0:18:38]} Rf2 {[%clk 0:23:57]} 48. Ke3 {[%clk 0:18:32]} Rf1 {[%clk
0:21:46]} 49. Rb5 {[%clk 0:17:36]} Bf6 {[%clk 0:21:35]} 50. Ra5 {[%clk 0:14:02]}
Bd8 {[%clk 0:21:23]} 51. Rd5 {[%clk 0:12:32]} Bb6+ {[%clk 0:21:32]} 52. Kd2
{[%clk 0:12:39]} Rb1 {[%clk 0:20:49]} 53. Kc2 {[%clk 0:12:13]} Rf1 {[%clk
0:20:56]} 54. b4 {[%clk 0:11:54]} Rf3 {[%clk 0:19:28]} 55. h5 {[%clk 0:08:15]}
Bf2 {[%clk 0:18:05]} 56. g4 {[%clk 0:07:17]} Re3 {[%clk 0:17:29]} 57. Nf4 {[%clk
0:07:04]} Re4 {[%clk 0:16:44]} 58. Rf5 {[%clk 0:05:30]} Be3 {[%clk 0:14:14]} 59.
Ng6 {[%clk 0:03:31]} Rxg4 {[%clk 0:14:21]} 60. Nf8+ {[%clk 0:03:32]} Kg8 {[%clk
0:13:39]} 61. Ng6 {[%clk 0:03:56]} Kh7 {[%clk 0:12:37]} 62. Nf8+ {[%clk 0:04:23]}
Kg8 {[%clk 0:12:55]} 1/2-1/2

[Event "Women's Baku Chess Olympiad"]
[Site "chess24.com"]
[Date "2016.09.10"]
[Round "8"]
[White "Rapport, Jovana"]
[Black "Zhou, Qiyu"]
[Result "1-0"]
[Board "1"]
[WhiteID "937266"]
[WhiteElo "2318"]
[WhiteTitle "WGM"]
[WhiteCountry "SRB"]
[WhiteFideId "937266"]
[WhiteEloChange "11"]
[BlackID "505161"]
[BlackElo "2367"]
[BlackTitle "FM"]
[BlackCountry "CAN"]
[BlackFideId "505161"]
[BlackEloChange "-11"]

1. d4 {[%clk 1:30:54]} Nf6 {[%clk 1:30:56]} 2. Nc3 {[%clk 1:31:18]} d5 {[%clk
1:30:58]} 3. Bf4 {[%clk 1:31:38]} e6 {[%clk 1:30:15]} 4. Nb5 {[%clk 1:31:59]} Na6
{[%clk 1:30:11]} 5. e3 {[%clk 1:32:22]} Be7 {[%clk 1:28:19]} 6. Nf3 {[%clk
1:31:30]} O-O {[%clk 1:27:07]} 7. Ne5 {[%clk 1:30:36]} Nd7 {[%clk 1:22:08]} 8.
Nd3 {[%clk 1:30:35]} c5 {[%clk 1:15:43]} 9. c3 {[%clk 1:25:14]} Bg5 {[%clk
1:07:05]} 10. Be2 {[%clk 1:17:15]} Bxf4 {[%clk 1:03:10]} 11. Nxf4 {[%clk
1:17:04]} Nc7 {[%clk 1:02:06]} 12. a4 {[%clk 1:16:29]} a6 {[%clk 0:59:25]} 13.
Nxc7 {[%clk 1:09:06]} Qxc7 {[%clk 0:59:49]} 14. O-O {[%clk 1:09:32]} b6 {[%clk
0:55:30]} 15. Bd3 {[%clk 1:08:14]} Bb7 {[%clk 0:53:47]} 16. Nh5 {[%clk 1:05:23]}
f5 {[%clk 0:47:31]} 17. Qf3 {[%clk 0:54:48]} Nf6 {[%clk 0:44:16]} 18. Qg3 {[%clk
0:51:33]} Qxg3 {[%clk 0:38:42]} 19. Nxg3 {[%clk 0:49:29]} g6 {[%clk 0:37:35]} 20.
Ne2 {[%clk 0:46:29]} Rfe8 {[%clk 0:36:31]} 21. h4 {[%clk 0:45:17]} Kg7 {[%clk
0:30:21]} 22. Nf4 {[%clk 0:43:57]} Rad8 {[%clk 0:27:19]} 23. Bc2 {[%clk 0:41:28]}
Nd7 {[%clk 0:25:05]} 24. Rad1 {[%clk 0:38:42]} Bc6 {[%clk 0:22:29]} 25. Rfe1
{[%clk 0:38:37]} Kf6 {[%clk 0:20:09]} 26. f3 {[%clk 0:38:45]} e5 {[%clk 0:17:15]}
27. dxe5+ {[%clk 0:37:05]} Nxe5 {[%clk 0:14:49]} 28. b3 {[%clk 0:37:05]} Rd7
{[%clk 0:13:19]} 29. Re2 {[%clk 0:37:17]} Red8 {[%clk 0:10:37]} 30. Red2 {[%clk
0:37:40]} b5 {[%clk 0:10:04]} 31. a5 {[%clk 0:35:44]} Bb7 {[%clk 0:09:20]} 32.
Kf2 {[%clk 0:34:30]} Bc6 {[%clk 0:08:35]} 33. Bb1 {[%clk 0:32:22]} Bb7 {[%clk
0:08:07]} 34. Ba2 {[%clk 0:31:15]} Ke7 {[%clk 0:03:12]} 35. b4 {[%clk 0:28:46]}
Nc4 {[%clk 0:02:45]} 36. Re2 {[%clk 0:28:43]} Bc6 {[%clk 0:01:49]} 37. Nd3 {[%clk
0:28:50]} cxb4 {[%clk 0:02:10]} 38. cxb4 {[%clk 0:28:51]} Rd6 {[%clk 0:01:33]}
39. Nc5 {[%clk 0:28:41]} Ba8 {[%clk 0:01:58]} 40. Rd4 {[%clk 0:56:42]} Kf6 {[%clk
0:30:42]} 41. Re1 {[%clk 0:47:18]} Ne5 {[%clk 0:27:32]} 42. Red1 {[%clk 0:47:21]}
Ke7 {[%clk 0:26:48]} 43. Rf4 {[%clk 0:44:05]} Nd7 {[%clk 0:23:02]} 44. Nxd7
{[%clk 0:38:48]} R8xd7 {[%clk 0:22:58]} 45. Rfd4 {[%clk 0:39:13]} Kf6 {[%clk
0:16:36]} 46. g4 {[%clk 0:38:20]} fxg4 {[%clk 0:15:46]} 47. Rxg4 {[%clk 0:38:15]}
Ke5 {[%clk 0:14:04]} 48. Rgd4 {[%clk 0:38:05]} Kf6 {[%clk 0:11:28]} 49. e4 {[%clk
0:34:56]} Ke5 {[%clk 0:10:13]} 50. Ke3 {[%clk 0:33:09]} Ke6 {[%clk 0:08:43]} 51.
f4 {[%clk 0:33:00]} Rd8 {[%clk 0:07:47]} 52. Kf3 {[%clk 0:32:38]} R6d7 {[%clk
0:07:12]} 53. Kg4 {[%clk 0:32:45]} Bc6 {[%clk 0:07:00]} 54. Kg5 {[%clk 0:30:59]}
Bb7 {[%clk 0:03:37]} 55. Re1 {[%clk 0:22:10]} Kf7 {[%clk 0:03:01]} 56. exd5
{[%clk 0:22:02]} Kg7 {[%clk 0:01:32]} 57. Red1 {[%clk 0:18:46]} Bc8 {[%clk
0:01:38]} 58. h5 {[%clk 0:18:33]} Rf7 {[%clk 0:01:39]} 59. h6+ {[%clk 0:18:10]}
Kf8 {[%clk 0:02:01]} 60. Bb1 {[%clk 0:18:39]} Rd6 {[%clk 0:02:09]} 61. Rc1 {[%clk
0:16:42]} Bb7 {[%clk 0:01:47]} 62. Rc5 {[%clk 0:16:36]} Rfd7 {[%clk 0:01:14]} 63.
f5 {[%clk 0:15:07]} gxf5 {[%clk 0:01:17]} 64. Bxf5 {[%clk 0:15:32]} Re7 {[%clk
0:00:59]} 65. Be6 {[%clk 0:13:17]} Ke8 {[%clk 0:00:35]} 66. Re4 {[%clk 0:11:42]}
Kd8 {[%clk 0:00:35]} 67. Kf6 {[%clk 0:10:28]} Re8 {[%clk 0:00:31]} 68. Rg4 {[%clk
0:10:21]} 1-0

[Event "Women's Baku Chess Olympiad"]
[Site "chess24.com"]
[Date "2016.09.10"]
[Round "8"]
[White "Yuan, Yuanling"]
[Black "Chelushkina, Irina"]
[Result "1-0"]
[Board "2"]
[WhiteID "8604541"]
[WhiteElo "2205"]
[WhiteTitle "WIM"]
[WhiteCountry "CAN"]
[WhiteFideId "8604541"]
[WhiteEloChange "10"]
[BlackID "928615"]
[BlackElo "2221"]
[BlackTitle "WGM"]
[BlackCountry "SRB"]
[BlackFideId "928615"]
[BlackEloChange "-10"]

1. e4 {[%clk 1:30:50]} c5 {[%clk 1:30:51]} 2. Nf3 {[%clk 1:31:15]} e6 {[%clk
1:31:16]} 3. d4 {[%clk 1:31:39]} cxd4 {[%clk 1:31:42]} 4. Nxd4 {[%clk 1:32:07]}
Nf6 {[%clk 1:32:06]} 5. Nc3 {[%clk 1:32:31]} d6 {[%clk 1:32:32]} 6. Be3 {[%clk
1:32:52]} a6 {[%clk 1:32:14]} 7. f3 {[%clk 1:33:02]} h5 {[%clk 1:31:29]} 8. Qd2
{[%clk 1:32:24]} b5 {[%clk 1:26:27]} 9. a4 {[%clk 1:28:26]} b4 {[%clk 1:23:40]}
10. Na2 {[%clk 1:28:08]} e5 {[%clk 1:21:01]} 11. Nb3 {[%clk 1:26:28]} a5 {[%clk
1:18:06]} 12. Qf2 {[%clk 0:53:56]} Bd7 {[%clk 1:03:46]} 13. Bb6 {[%clk 0:50:29]}
Qc8 {[%clk 1:04:11]} 14. Bxa5 {[%clk 0:39:17]} d5 {[%clk 0:48:28]} 15. Bxb4
{[%clk 0:37:42]} dxe4 {[%clk 0:44:57]} 16. Bxf8 {[%clk 0:35:16]} Kxf8 {[%clk
0:45:22]} 17. Nc3 {[%clk 0:31:57]} exf3 {[%clk 0:44:42]} 18. gxf3 {[%clk
0:24:30]} Bc6 {[%clk 0:32:32]} 19. Bd3 {[%clk 0:21:56]} Nbd7 {[%clk 0:32:57]} 20.
h4 {[%clk 0:18:15]} g6 {[%clk 0:31:48]} 21. O-O {[%clk 0:17:12]} Kg7 {[%clk
0:32:14]} 22. Nd2 {[%clk 0:16:28]} Nf8 {[%clk 0:30:59]} 23. Nc4 {[%clk 0:12:55]}
Ne6 {[%clk 0:27:48]} 24. Nxe5 {[%clk 0:05:54]} Rb8 {[%clk 0:25:04]} 25. Nxc6
{[%clk 0:05:18]} Qxc6 {[%clk 0:25:29]} 26. Bb5 {[%clk 0:05:05]} Qc7 {[%clk
0:25:21]} 27. Rad1 {[%clk 0:04:13]} Rhd8 {[%clk 0:24:50]} 28. Rxd8 {[%clk
0:03:19]} Rxd8 {[%clk 0:25:19]} 29. Rd1 {[%clk 0:03:37]} Nf4 {[%clk 0:25:17]} 30.
Bf1 {[%clk 0:03:46]} Rb8 {[%clk 0:23:15]} 31. Nb5 {[%clk 0:03:56]} Qe5 {[%clk
0:21:43]} 32. b3 {[%clk 0:03:06]} Re8 {[%clk 0:20:35]} 33. Nd6 {[%clk 0:03:07]}
Rd8 {[%clk 0:20:22]} 34. Nf5+ {[%clk 0:03:13]} Qxf5 {[%clk 0:20:06]} 35. Rxd8
{[%clk 0:03:13]} g5 {[%clk 0:20:06]} 36. Rd2 {[%clk 0:03:01]} g4 {[%clk 0:20:27]}
37. Kh1 {[%clk 0:02:48]} Qe5 {[%clk 0:15:39]} 38. Qd4 {[%clk 0:02:22]} Qe1 {[%clk
0:12:45]} 39. Qxf4 {[%clk 0:02:09]} Qxf1+ {[%clk 0:13:10]} 40. Kh2 {[%clk
0:32:34]} Qh3+ {[%clk 0:43:29]} 41. Kg1 {[%clk 0:32:49]} Qxh4 {[%clk 0:43:42]}
42. Rf2 {[%clk 0:30:44]} Nh7 {[%clk 0:37:03]} 43. fxg4 {[%clk 0:28:16]} Ng5
{[%clk 0:36:55]} 44. Kf1 {[%clk 0:23:36]} hxg4 {[%clk 0:36:11]} 45. Qe5+ {[%clk
0:21:22]} Kg8 {[%clk 0:33:19]} 46. Rh2 {[%clk 0:20:44]} Nh3 {[%clk 0:33:24]} 47.
Rg2 {[%clk 0:20:25]} Kf8 {[%clk 0:28:05]} 48. Qc5+ {[%clk 0:18:39]} 1-0